| 000 | 01090nam0a22002531 4500 | ||
|---|---|---|---|
| 001 | rc\672908 | ||
| 005 | 20250621204943.0 | ||
| 035 | _a(NLR Aleph) 005911140 | ||
| 090 |
_a6377959 _c6377959 |
||
| 100 | _a20031121d1986 |||y0rusy50 ca | ||
| 101 | 0 | _arus | |
| 102 | _aRU | ||
| 105 | _ay ||||||||| | ||
| 200 | 1 |
_aУскорение: проблемы духовного развития общества _e(Тез. докл. участников VI Всесоюз. филос. чтений молодых ученых, Звенигород, 26-30 авг. 1986 г.) _f[Редкол.: Н.А. Кормин (пред.) и др.] |
|
| 210 |
_aМ. _cБ. и. _d1986 |
||
| 215 |
_a175 с. _d21 |
||
| 300 | _aВ надзаг.: АН СССР, Филос. о-во СССР, Ин-т философии АН СССР | ||
| 702 | 1 |
_aКормин _bН.А. _4340 |
|
| 712 | 1 | 2 |
_aВсесоюзные философские чтения молодых ученых _d6 _f1986 _eЗвенигород |
| 801 | 0 |
_aRU _bNLR _gpsbo |
|
| 801 | 1 |
_aRU _bELAR _2rusmarc |
|
| 852 |
_aNLR _j86-5/7501 |
||
| 942 | _cBOOK | ||
| 980 | _aNB | ||